Griff nach der Psyche? (Titelsatznr. 62555)
[ MARC ]
| 000 -Satzkennung | |
|---|---|
| Kontrollfeld mit fester Länge | 01490nam a22004572 4500 |
| 001 - Kontrollnummer | |
| Kontrollfeld | 181882695X |
| 003 - Kontrollnummer Identifier | |
| Kontrollfeld | DE-627 |
| 005 - Datum und Zeit der letzten Transaktion | |
| Kontrollfeld | 20230630204610.0 |
| 007 - Feld mit fester Länge zur physischen Beschreibung - Allgemeine Information | |
| Kontrollfeld mit fester Länge | tu |
| 008 - Feld mit fester Länge zur physischen Beschreibung - Allgemeine Angaben | |
| Kontrollfeld mit fester Länge | 221012s2023 gw ||||| 00| ||ger c |
| 015 ## - Nummer der Nationalbibliografie | |
| Nummer der Nationalbibliografie | 22,N41 |
| Quelle | dnb |
| 016 7# - Kontrollnummer der nationalbibliografischen Agentur | |
| Datensatzkontrollnummer | 1269613677 |
| Quelle | DE-101 |
| 020 ## - Internationale Standardbuchnummer | |
| Internationale Standardbuchnummer | 9783506790866 |
| Verknüpfung | 978-3-506-79086-6 |
| 020 ## - Internationale Standardbuchnummer | |
| Internationale Standardbuchnummer | 3506790862 |
| Verknüpfung | 3-506-79086-2 |
| 024 3# - Anderer Standardidentifier | |
| Standardnummer oder Code | 9783506790866 |
| 035 ## - Systemkontrollnummer | |
| System-Kontrollnummer | (DE-627)181882695X |
| 035 ## - Systemkontrollnummer | |
| System-Kontrollnummer | (DE-599)DNB1269613677 |
| 035 ## - Systemkontrollnummer | |
| System-Kontrollnummer | (OCoLC)1347272788 |
| 040 ## - Katalogisierungsquelle | |
| Original-Katalogisierungsstelle | DE-627 |
| Katalogisierungssprache | ger |
| Übertragungsstelle | DE-627 |
| 041 ## - Sprachcode | |
| Sprachcode des Textes/der Tonspur oder des separaten Titels | ger |
| 044 ## - Ländercode der veröffentlichenden/herstellenden Stelle | |
| ISO-Ländercode | XA-DE-NW |
| 100 1# - Haupteintragung - Personenname | |
| Personenname | von Hohenthal, Andrea Gräfin |
| Funktionsbezeichnung | VerfasserIn |
| Funktionsbezeichnungscode | aut |
| Koha-Normdatenidentnummer | 24038 |
| 245 10 - Titel | |
| Titel | Griff nach der Psyche? |
| Zusatz zum Titel | Psychologie im Ersten Weltkrieg in Großbritannien und Deutschland |
| Verfasserangabe etc. | Andrea Gräfin von Hohenthal |
| 250 ## - Ausgabebezeichnung | |
| Ausgabebezeichnung | 1. Auflage |
| 263 ## - Geplantes Erscheinungsdatum | |
| Geplantes Erscheinungsdatum | 202303 |
| 264 #1 - Produktion, Veröffentlichung, Distribution, Herstellung und Urheberrechtsvermerk | |
| Herstellungs-, Veröffentlichungs- Vertriebs-, Erzeugungsort | Paderborn : |
| Produzent, Herausgeber, Distributor, Hersteller | Brill | Schöningh, |
| Datum der Herstellung, der Veröffentlichung, des Vertriebs oder des Urheberschutzvermerks | 2023 |
| 300 ## - Physische Beschreibung | |
| Umfang | 1 Online-Ressource (630 Seiten) |
| 336 ## - Inhaltstyp | |
| Quelle | rdacontent |
| Inhaltstypterm | Text |
| Inhaltstypcode | txt |
| 337 ## - Medientyp | |
| Quelle | rdamedia |
| Bezeichnung des Medientyps | Computermedien |
| Medientypcode | bc |
| 338 ## - Datenträgertyp | |
| Quelle | rdacarrier |
| Datenträgertypbezeichnung | Online Ressource |
| Datenträgertypcode | cr |
| 490 0# - Gesamttitelangabe | |
| Gesamttitelangabe | Krieg in der Geschichte |
| Bandnummer/Folgebezeichnung | 120 |
| 500 ## - Allgemeine Fußnote | |
| Allgemeine Fußnote | E-Book / Zugriff nur im DHI-Lesesaal |
| 650 #7 - Nebeneintragung unter einem Schlagwort - Sachschlagwort | |
| Quelle der Ansetzung oder des Terms | gnd |
| Sachschlagwort oder geografischer Name als Eintragungselement | Psychologie |
| 650 #7 - Nebeneintragung unter einem Schlagwort - Sachschlagwort | |
| Quelle der Ansetzung oder des Terms | gnd |
| Sachschlagwort oder geografischer Name als Eintragungselement | Erster Weltkrieg |
| 651 #7 - Nebeneintragung unter einem Schlagwort - Geografischer Name | |
| Quelle der Ansetzung oder des Terms | gnd |
| Geografischer Name | Großbritannien |
| 651 #7 - Nebeneintragung unter einem Schlagwort - Geografischer Name | |
| Quelle der Ansetzung oder des Terms | gnd |
| Geografischer Name | Deutschland |
| 655 #7 - Indexierungsterm - Genre/Form | |
| Genre/Form oder fokussierter Term | Hochschulschrift |
| 856 ## - Elektronische Adresse und Zugriff | |
| URL | <a href="https://doi.org/10.30965/9783657790869">https://doi.org/10.30965/9783657790869</a> |
| OPAC-Notiz | Volltext |
| 942 ## - Zusätzliche Felder (Koha) | |
| Klassifikation oder Aufstellungssystematik | Andere/Generische Klassifikation |
| Koha-Medientyp | E-Books |
| Ausgeschieden | Verloren | Klassifikation oder Aufstellungssystematik | Beschädigt | Nicht entleihbar | Heimatbibliothek | Aufenthaltsbibliothek | Aufstellungsort | Erwerbungsdatum | Inventarnummer | Signatur | Barcode | Letzte Aktivität | Preis gültig von | Koha-Medientyp |
|---|---|---|---|---|---|---|---|---|---|---|---|---|---|---|
| Andere/Generische Klassifikation | MWN Osteuropa | MWN Osteuropa | Online-Ressource | 15/06/2023 | 23-e00761 | E-23-e00761 | 65301 | 15/06/2023 | 15/06/2023 | E-Books |